000 00450nam a22001817a 4500
003 OSt
005 20251203134935.0
008 251203b |||||||| |||| 00| 0 eng d
020 _a9798898546601
082 _a363.45
_bBHAN
100 _aBhalla, Monish
245 _aNarco Jihad: When drugs fund terror
260 _aIndia
_bNotion Press
_c2025
300 _a408p
546 _aEnglish
650 _aSocial Problems & Services
942 _2ddc
_cBK
999 _c3901
_d3901